| 000 | 00956nam a22002177a 4500 | ||
|---|---|---|---|
| 999 |
_c7804 _d7804 |
||
| 003 | AR-CdUCM | ||
| 008 | 190321b ||||| |||| 00| 0 spa d | ||
| 040 |
_aMUNICIPALIDAD PROVINCIAL DEL CUSCO _cBIBLIOTECA MUNICIPAL DEL CUSCO |
||
| 082 |
_a591 / _bD62 |
||
| 100 |
_aDethier, V.G. _922058 |
||
| 245 |
_aEl Reino Animal : _bConduscta y sus bases evolucionaria y neurologica / |
||
| 260 |
_aMéxico : _bUnion Tipografica Editorial Hispano Americana , _c1967. |
||
| 300 |
_a199 + 11 páginas ; _c17.5 cm. |
||
| 505 | _aContenido : Irritabilidad y conduccion -- Sistema Nervioso simple -- Sistema nervioso radial complejo -- sistema nervioso bilateral -- El sistema nervioso de los vertebrados -- Conducta Estereotipada -- Aprendizaje -- Procesos Complejos... | ||
| 650 |
_aConducta Animal _922059 |
||
| 650 |
_aEl sistema linfatico Animal _922060 |
||
| 650 |
_aVeterinaria _919735 |
||
| 700 |
_aStellar, Eliot _922061 |
||
| 942 |
_2ddc _cLIBROS |
||
| 945 | _artm | ||